European Capitals - Sudden Death (Difficult) - Statistics

General Stats
  • This quiz has been taken 61 times
  • The average score is 33 of 44
Answers on the Grid
Answers color-coded by a green-red scale on the quiz's grid according to % correct below.
Amsterdam
Andorra la Vella
Antwerp
Athens
Belgrade
Bergen
Berlin
Bern
Bratislava
Brno
Brussels
Bucharest
Budapest
Burgas
Cardiff
Chisinau
Copenhagen
Cologne
Constanta
Debrecen
Dublin
Dubrovnik
Edinburgh
Geneva
Genoa
Glasgow
Graz
Gothenburg
Hanover
Helsinki
Innsbruck
Kaunas
Kharkiv
Krakow
Kosice
Kyiv
Liege
Lisbon
Ljubljana
London
Luxembourg
Madrid
Malaga
Milan
Minsk
Monaco
Moscow
Naples
Nuremburg
Odesa
Oslo
Ostrava
Palermo
Paris
Patras
Plovdiv
Podgorica
Porto
Prague
Prizren
Reykjavik
Riga
Rome
Rotterdam
Saint Petersburg
San Marino
Sarajevo
Saratov
Skopje
Sofia
Stavanger
Stockholm
Tampere
Tallinn
Tirana
Thessaloniki
Turku
Vaduz
Valencia
Valletta
Vatican City
Vienna
Vilnius
Volgograd
Warsaw
Wroclaw
Zagreb
Zurich
 
Answer Stats
Answer % Correct
Amsterdam
98%
Athens
94%
Budapest
94%
Berlin
92%
Brussels
92%
Andorra la Vella
88%
Bucharest
88%
Copenhagen
88%
Dublin
88%
Bern
87%
Belgrade
81%
Bratislava
81%
Chisinau
77%
Helsinki
77%
Kyiv
73%
London
73%
Luxembourg
73%
Madrid
73%
Lisbon
71%
Oslo
71%
Minsk
69%
Moscow
69%
Paris
69%
Prague
69%
Reykjavik
69%
Rome
69%
Stockholm
69%
Vienna
69%
Ljubljana
67%
Monaco
67%
Sofia
67%
Tirana
67%
Vatican City
67%
Warsaw
67%
San Marino
65%
Tallinn
65%
Valletta
65%
Vilnius
65%
Zagreb
65%
Podgorica
63%
Riga
63%
Sarajevo
63%
Skopje
63%
Vaduz
63%
No matching quizzes found
Score Distribution
Percent of People with Each Score
Percentile by Number Answered
Your Score History
You have not taken this quiz